Statystyki dla Sprawiedliwi Wydział Kryminalny - test wiedzy

Kliknij tutaj aby rozwiązać quiz!

Ogólne statystyki

  • Ten quiz został rozwiązany 568 razy
    (164 od ostatniego zresetowania)
  • Średni wynik to 27 z 60

Statystyki odpowiedzi

ZagadnienieOdpowiedź% Poprawnych
Asystent zespołu dochodzeniowo-śledczego starszy posterunkowy to:Janusz Wojtala
93%
Jak na imię ma żona inspektora Edwarda Kubisa?Wanda
92%
Współlokatorka starszej aspirant Dagmary Górskiej to:Lilka
90%
Kto był drużbą na ślubie starszego aspiranta Jakuba Walczaka?Bolesław Kowalski
85%
Jak na imię miała córka inspektora Edwarda Kubisa?Magda
70%
Gdzie Paulina była w przeszłości na misji?W Afganistanie
68%
Gdzie mieszkała podkomisarz Paulina Wach ze swoją córką gdy komornik zajął ich mieszkanie przez długi ojca Agaty - Piotra Wach?W mieszkaniu starszego aspiranta Jakuba Walczaka
68%
Skąd pochodzi starszy aspirant Jakub Walczak?Z wrocławskich blokowisk
68%
Ksiądz udzielający ślubu Kubie i Izie wyglądał jak:Kornel Jagiełło
66%
Tajna broń komisarz Aleksandry Latoszek to:Torebka
61%
Co zrobił komisarz Adam Stasiak, aby pomóc porwanemu synowi?Napadł na konwój
59%
Jak nazywał się sąsiad i przyjaciel Adama?Tadeusz
59%
W jakich nielegalnych rzeczach w przeszłości brał udział starszy aspirant Jakub Walczak?W wyścigach samochodowych
57%
Z jakiego wydziału Komendy Głównej Policji została oddelegowana do Wrocławia komisarz Aleksandra Latoszek?Z wydziału kontroli
57%
Jak nazywał się pająk Bolesława Kowalskiego?Klara
54%
Jak nazywała się koleżanka Agaty Wach, z którą pobiła się o chłopaka?Kamila
53%
Jak nazywała się ukochana koza aspirant Marii Przybylskiej?Mela
53%
Jak się nazywał młody rudy technik kryminalistyki, którego szkolił Bolesław Kowalski?Radosław Kowal
53%
Jakie zwierzę chciała przygarnąć Agata Wach?Psa
52%
Jaką ksywę miał świadek koronny ochraniany przez podkomisarz Paulinę Wach i starszego aspiranta Jakuba Walczaka w 10 odcinku?Paluch
51%
Kto zabił Edmunda Pałęckiego?Podkomisarz Tomasz Jawor
51%
Jakim zajęciem Iza próbowała urozmaicić życie starszego aspiranta Jakuba Walczaka?Garncarstwem
48%
Jak nazywał się chłopak Agaty Wach?Ksawery
47%
Który aktor zagrał w serialu Sprawiedliwi Wydział Kryminalny samego siebie?Misiek Koterski
46%
Jakiego policjanta z serialu Policjantki i policjanci widzieliśmy w serialu Sprawiedliwi Wydział Kryminalny najczęściej?Podkomisarz Karolinę Rachwał
46%
Jak nazywała się żona komisarza Adama Stasiaka?Joanna Stasiak
45%
Jakiej pracy musiał się podjąć starszy aspirant Jakub Walczak, aby złapać gangsterów wyłudzających haracze?Musiał pracować na straganie
45%
Na jakiej dzielnicy Wrocławia wynajęła mieszkanie aspirant Maria Przybylska?Psie Pole
44%
Jaki sport uprawiał prokurator Kornel Jagiełło?Golf
43%
Kinga Wilk po raz pierwszy pojawiła się przy sprawie:Kościarza
43%
Jak nazywał się Boss, który zabił komisarza Adama Stasiaka?Andrew Wommack
42%
Kto zgwałcił córkę inspektora Edwarda Kubisa?Moraczek i Westfal
42%
Jak nazywał się przyjaciel Kacpra Stasiaka, który pomógł mu ustalić miejsce pobytu Bossa?Johny
41%
Czym zajmował się Mateusz, były chłopak starszej aspirant Dagmary Górskiej?Pracował w firmie transportowej
41%
Z czyich rąk starszy aspirant Bruno Sawicki uratował Monikę?Z rąk Rudego
41%
Jaki kierunek studiował aspirant Jakub Walczak?Kryminologię w trybie zaocznym we Wrocławiu
40%
Jak nazywał się mąż Izy, byłej narzeczonej starszego aspiranta Jakuba Walczaka?Waldemar Szulc
40%
Jak nazywała się żona tragicznie zmarłego przyjaciela starszego aspiranta Bruna Sawickiego?Maryla
39%
Jak miał na nazwisko przełożony komisarz Aleksandry Latoszek z Komendy Głównej?Stobczyk
39%
Skąd pochodził komisarz Adam Stasiak?Z Wrocławia
39%
Jak miała na imię rybka starszego aspiranta Jakuba Walczaka?Bronisława
38%
Jak miała na imię żona starszego aspiranta Krzysztofa Kopczyka?Genowefa
34%
Kto zabił inspektora Arkadiusza Zimnego?Tomasz Westfal
33%
Gdzie na wakacje wyjechała Monika, dziewczyna starszego aspiranta Bruno Sawickiego?Do Szwajcarii
32%
Jak miała na imię pierwsza ofiara Edmunda Pałęckiego?Honorata
32%
Jaki stopień służbowy ma Kinga Wilk?Podkomisarz
32%
W jakim mieście pracował starszy aspirant Bruno Sawicki przed pracą we wrocławskim Wydziale Kryminalnym?W Legnicy
32%
Jak wołała na Bolka Kowalskiego, jego była dziewczyna - Selena?Kaczorku
29%
Kto zabił nadinspektora CBŚP?Zygmunt Kazimierczak
29%
Jak nazywał się seryjny morderca kobiet, który postrzelił podkomisarz Paulinę Wach?Błażejewski
26%
Za co został zatrzymany starszy aspirant Jakub Walczak przez Biuro Spraw Wewnętrznych?Był podejrzany o kradzież narkotyków
26%
Czym w przeszłości zajmował się Andrzej Rygol, były gangster zatrzymany przez komisarza Adama Stasiaka i aspirant Marię Przybylską?Był złodziejem samochodów
25%
Kto prowadził sprawę kościarza?Komisarz Aleksandra Latoszek i starszy aspirant Bruno Sawicki
25%
Kto wrzucał starszemu aspirantowi Jakubowi Walczakowi do lodówki zdjęcia jego i Izy z wypalonymi oczami oraz zdechłego kota do jej samochodu?Piotr Wach - były mąż podkomisarz Pauliny Wach
24%
Jak się nazywał policjant nadinspektor CBŚP współpracujący z przestępcą Zygmuntem Kazimierczakiem?Cezary Kostka
22%
Kto porwał Tośkę Wawerską i starszą aspirant Dagmarę Górską?Sylwek
22%
Kto zabił Krzysztofa Wójca?Inspektor Edward Kubis
21%
Jak nazywała się rybka Bolesława Kowalskiego?Wiesiek
21%
Kto zabił Moraczka?Tomasz Westfal
19%
Jak nazywała się miejscowość, w której postrzelono komisarza Adama Stasiaka?Moryń
1%

Rozkład punktacji

Percentyl według liczby udzielonych odpowiedzi

Procent ludzi z każdym wynikiem

Twoja historia wyników

Nie rozwiązałeś tego quizu od ostatniego zresetowania